Name the children in the Sound of Music - Statistics

General Stats
  • This quiz has been taken 184 times
  • The average score is 5 of 7
Answer Stats
Answer % Correct
Gretl
90%
Kurt
87%
Liesel
80%
Marta
78%
Louisa
75%
Brigitta
69%
Friedrich
64%
No matching quizzes found
Score Distribution
Percent of People with Each Score
Percentile by Number Answered
Your Score History
You have not taken this quiz